Municipal and rural sanitation (Record no. 12109)

000 -LEADER
fixed length control field 00625nam a22002171 4500
001 - CONTROL NUMBER
control field 12109
003 - CONTROL NUMBER IDENTIFIER
control field BD-DhUET
008 - FIXED-LENGTH DATA ELEMENTS--GENERAL INFORMATION
fixed length control field 720914s1965 nyua b 000 0 eng
040 ## - CATALOGING SOURCE
Original cataloging agency DLC
Transcribing agency DLC
Modifying agency BD-DhUET
082 ## - DEWEY DECIMAL CLASSIFICATION NUMBER
Classification number 628
Item number EHL/1965
100 ## - MAIN ENTRY--PERSONAL NAME
Personal name Ehlers, Victor M.
245 10 - TITLE STATEMENT
Title Municipal and rural sanitation
250 ## - EDITION STATEMENT
Edition statement 6th ed.
260 ## - PUBLICATION, DISTRIBUTION, ETC. (IMPRINT)
Place of publication, distribution, etc. New Delhi
Name of publisher, distributor, etc. Tata McGraw-Hill
Date of publication, distribution, etc. 1965
300 ## - PHYSICAL DESCRIPTION
Extent xiv, 663 p.
Other physical details ill.
Dimensions 24 cm.
490 0# - SERIES STATEMENT
Series statement McGraw-Hill series in sanitary science and water resources engineering
504 ## - BIBLIOGRAPHY, ETC. NOTE
Bibliography, etc Includes bibliographies
650 #0 - SUBJECT ADDED ENTRY--TOPICAL TERM
Topical term or geographic name as entry element Sanitary engineering
700 ## - ADDED ENTRY--PERSONAL NAME
Personal name Steel, Ernest W.
942 ## - ADDED ENTRY ELEMENTS (KOHA)
Koha item type General Book
Holdings
Piece designation (barcode) Source of classification or shelving scheme Withdrawn status Koha normalized classification for sorting Lost status Koha item type Date acquired Copy number Not for loan Sublocation or collection (holding branch) Koha date last seen Shelving location Location (home branch) Damaged status Koha full call number Price effective from
54823  628_000000000000000_EHL_1965 General Book2015-02-231 Central Library, BUET2015-02-23Circulation sectionCentral Library, BUET 628/EHL/19652015-02-23
57340  628_000000000000000_EHL_1965 General Book2015-05-062 Central Library, BUET2015-05-06Circulation sectionCentral Library, BUET 628/EHL/19652015-05-06
57341  628_000000000000000_EHL_1965 General Book2015-05-063 Central Library, BUET2015-05-06Circulation sectionCentral Library, BUET 628/EHL/19652015-05-06
42726  628_000000000000000_EHL_1958 General Book2015-05-074 Central Library, BUET2015-05-07Circulation sectionCentral Library, BUET 628/EHL/19582015-05-07
19515  628_000000000000000_EHL_1965 General Book2015-05-075 Central Library, BUET2015-05-07Circulation sectionCentral Library, BUET 628/EHL/19652015-05-07
20785  628_000000000000000_EHL_1965 General Book2015-05-076 Central Library, BUET2015-05-07Circulation sectionCentral Library, BUET 628/EHL/19652015-05-07
19514  628_000000000000000_EHL_1965 General Book2015-05-077 Central Library, BUET2015-05-07Circulation sectionCentral Library, BUET 628/EHL/19652015-05-07
25851  628_000000000000000_EHL_1965 General Book2015-05-078 Central Library, BUET2015-05-07Circulation sectionCentral Library, BUET 628/EHL/19652015-05-07
20784  628_000000000000000_EHL_1965 General Book2015-05-079 Central Library, BUET2015-05-07Circulation sectionCentral Library, BUET 628/EHL/19652015-05-07